<?xml version="1.0" encoding="UTF-8"?><?xml-stylesheet type="text/xsl" href="static/style.xsl"?><OAI-PMH xmlns="http://www.openarchives.org/OAI/2.0/" xmlns:xsi="http://www.w3.org/2001/XMLSchema-instance" xsi:schemaLocation="http://www.openarchives.org/OAI/2.0/ http://www.openarchives.org/OAI/2.0/OAI-PMH.xsd"><responseDate>2026-04-26T20:14:28Z</responseDate><request verb="GetRecord" identifier="oai:uvadoc.uva.es:10324/67403" metadataPrefix="marc">https://uvadoc.uva.es/oai/request</request><GetRecord><record><header><identifier>oai:uvadoc.uva.es:10324/67403</identifier><datestamp>2024-05-07T19:01:58Z</datestamp><setSpec>com_10324_38</setSpec><setSpec>col_10324_852</setSpec></header><metadata><record xmlns="http://www.loc.gov/MARC21/slim" xmlns:doc="http://www.lyncode.com/xoai" xmlns:xsi="http://www.w3.org/2001/XMLSchema-instance" xmlns:dcterms="http://purl.org/dc/terms/" xsi:schemaLocation="http://www.loc.gov/MARC21/slim http://www.loc.gov/standards/marcxml/schema/MARC21slim.xsd">
<leader>00925njm 22002777a 4500</leader>
<datafield tag="042" ind1=" " ind2=" ">
<subfield code="a">dc</subfield>
</datafield>
<datafield tag="720" ind1=" " ind2=" ">
<subfield code="a">Llamas Muñoz, Manoli</subfield>
<subfield code="e">author</subfield>
</datafield>
<datafield tag="260" ind1=" " ind2=" ">
<subfield code="c">2023</subfield>
</datafield>
<datafield tag="520" ind1=" " ind2=" ">
<subfield code="a">La tecnología, Internet y las redes sociales están en constante evolución, lo que implica cambios significativos en la forma en que los consumidores compran y, por ende, en las estrategias de marketing que utilizan las empresas para llegar a ellos. El impacto de estas tendencias es particularmente relevante para el comercio local, que se encuentra en una posición desfavorable para adaptarse a estas nuevas formas de interacción con el cliente.&#xd;
Es aquí donde el presente Trabajo de Fin de Grado adquiere su relevancia, ya que se centra en explorar cómo la estrategia SoLoMo puede ser utilizada para ayudar a los comercios locales a mejorar su atractivo y posicionamiento en el mercado. La estrategia SoLoMo combina tres elementos clave: social (So), local (Lo) y móvil (Mo), con el objetivo de aprovechar las tecnologías digitales y las redes sociales para mejorar la relación con el cliente y aumentar las ventas.</subfield>
</datafield>
<datafield tag="024" ind2=" " ind1="8">
<subfield code="a">https://uvadoc.uva.es/handle/10324/67403</subfield>
</datafield>
<datafield tag="245" ind1="0" ind2="0">
<subfield code="a">Social Local Mobile y su impacto en el comercio local. Estudio de un caso práctico</subfield>
</datafield>
</record></metadata></record></GetRecord></OAI-PMH>